| 000 | 004690000a22001810004500 | ||
|---|---|---|---|
| 003 | MACL | ||
| 005 | 20160122125201.0 | ||
| 008 | 160122b xxu||||| |||| 00| 0 eng d | ||
| 040 |
_aMACL _cMACL |
||
| 041 | _aEnglish | ||
| 082 | _a721.042/ARO | ||
| 100 |
_aArora, S P _934064 |
||
| 245 | _aBuilding Construction Technology | ||
| 260 |
_bDhanpat Rai Publications Ltd _c1997 _aNew Delhi |
||
| 350 | _a110 | ||
| 650 |
_aArchitecture _9259 |
||
| 942 |
_cBK _k721.042/ARO _2ddc |
||
| 999 |
_c31807 _d31807 |
||